Circuito de turismo cultural: ciudad de Puntarenas (Registro nro. 2740)

Detalles MARC
000 -CABECERA
campo de control de longitud fija 00659aam a2200229 4500
005 - FECHA Y HORA DE ACTUALIZACIÓN
campo de control 20161115141415.0
008 - LONGITUD FIJA
campo de control de longitud fija 150610b xxu||||| |||| 00| 0 spa d
041 ## - IDIOMA
Código de idioma del texto/pista de sonido o título separado
082 ## - CLASIFICACIÓN DECIMAL DEWEY
Número de clasificación 972.867 Z25c
100 ## - AUTOR PERSONAL
Nombre de persona Zamora Hernández, Carlos Manuel
245 ## - TÍTULO PROPIAMENTE DICHO
Título Circuito de turismo cultural: ciudad de Puntarenas
260 ## - PIE DE IMPRENTA
Lugar de publicación, distribución, etc. Costa Rica
Nombre del editor, distribuidor, etc. Ministerio de Cultura y Juventud
Fecha de publicación, distribución, etc. 2011
300 ## - DESCRIPCIÓN FÍSICA
Extensión 23 páginas
650 ## - Materia General
Materia general COSTA RICA
650 ## - Materia General
Materia general PUNTARENAS
650 ## - Materia General
Materia general DESCRIPCIONES Y VIAJES
650 ## - Materia General
Materia general PUNTARENAS
650 ## - Materia General
Materia general HISTORIA
650 ## - Materia General
Materia general TURISMO
650 ## - Materia General
Materia general GUÍAS
942 ## - Punto de Acceso Adicional Koha
Tipo de ítem Koha Libro
Existencias
Estado perdido Estado dañado No para préstamo Biblioteca permanente Biblioteca actual Signatura completa Código de barras Precio efectivo a partir del Tipo de ítem
      Departamento de Biblioteca y Documentación Alfonso Chase Brenes Departamento de Biblioteca y Documentación Alfonso Chase Brenes 972.867 Z25c 16001 30/09/2016 Libro
      Departamento de Biblioteca y Documentación Alfonso Chase Brenes Departamento de Biblioteca y Documentación Alfonso Chase Brenes 972.867 Z25c 23924 25/02/2019 Libro